Vodohospodářské úpravy na jižní Moravě

Bibliographic Details
Main Authors: Kříž, Emanuel (Author), Voldřich, Jaroslav (Author)
Format: Article
Language:Slovak
Czech
PhysicalDescription:Obr. 1.
Subjects:

MARC

LEADER 00000nab a2200000 a 4500
001 vtls000024515
003 SK-MaSNL
005 20260305023238.0
008 250423c1978 xo 0 slo
015 |a SNBRB19rr/mm-uuuuu 
035 |a CL0034609 
035 |a urn:nbn:sk:snk-abb7kv 
035 |a (urnnbn)urn:nbn:sk:snk:ar-00574t 
035 |a (uuid)2e780195-2783-446c-834e-53545d11e581 
040 |a SNKBUCL  |b slo  |c SNKBUCL  |e AACR2 
041 0 |a cze 
044 |a xo  |c SK 
080 |a 627  |2 1981 
080 |a 626  |2 1981 
100 1 |a Kříž, Emanuel  |4 aut  |9 386790 
245 1 0 |a Vodohospodářské úpravy na jižní Moravě  |c Emanuel Kříž, Jaroslav Voldřich 
300 |b Obr. 1. 
650 0 7 |a vodné hospodárstvo  |2 snkbucl  |9 759 
650 0 7 |a meliorácie  |2 snkbucl  |9 14505 
650 0 7 |a územné plánovanie  |2 snkbucl  |9 2641 
651 7 |a Morava (Česko)  |2 snkbucl  |9 213805 
655 7 |a články z novín a časopisov  |2 snkbucl  |9 267496 
700 1 |a Voldřich, Jaroslav  |4 aut  |9 1170659 
773 0 |t Technická práca  |g Roč. 30, č. 12 (1978), s. 47-49 
850 |a Slovenská národná knižnica 
852 |a Slovenská národná knižnica 
957 |a 3700 
958 |a article15 
958 |a RK 
958 |a CZ 
958 |a OND 
958 |a EUIPO 
992 |a RBX 
999 |c 3295321  |d 3297251